Normal view
MARC view
- Gamma, Erich, Helm, Richard, Johnson, Ralph
Entry Personal Name
001 - CONTROL NUMBER
- control field: 68043
003 - CONTROL NUMBER IDENTIFIER
- control field: NUST
005 - DATE AND TIME OF LATEST TRANSACTION
- control field: 20210628203948.0
008 - FIXED-LENGTH DATA ELEMENTS
- fixed length control field: 210628|| aca||aabn | a|a d
040 ## - CATALOGING SOURCE
- Original cataloging agency: NUST
- Transcribing agency: NUST
100 ## - HEADING--PERSONAL NAME
- Personal name: Gamma, Erich, Helm, Richard, Johnson, Ralph
670 ## - SOURCE DATA FOUND
- Source citation: Work cat.: (NUST): Gamma, Erich, Helm, Richard, Johnson, Ralph, Design patterns, elements of reusable object-oriented software, 1995
